Famous films and their filming locations - Statistics

General Stats
  • This quiz has been taken 33 times
  • The average score is 6 of 15
Answer Stats
Film Use State/ Country % Correct
Home Alone 2 Illinois | New York | Florida
100%
The Godfather New York | Italy
72%
Forrest Gump Alabama | Virginia | South Carolina | North Carolina
60%
Johnny English United Kingdom
56%
Schindler's List Poland
52%
The Lion King Tanzania | Kenya
48%
Back to the Future California
44%
Die Hard 3 Maryland | New York
44%
The Avengers: Endgame Georgia | New York | United Kingdom
40%
The secret life of pets New York
28%
Mission Impossible IIII Hungary | India | Czech Republic | Russia | Canada | United Arab Emirates
24%
The Expendables 4 Greece | Bulgaria | United Kingdom
20%
Grown Ups 2 Massachusetts | Connecticut
12%
We're the Millers New Mexico | North Carolina
12%
Jumanji Hawaii | Georgia
8%
No matching quizzes found
Score Distribution
Percent of People with Each Score
Percentile by Number Answered
Your Score History
You have not taken this quiz